The street railway post offices of Boston (Record no. 2494)

000 -LEADER
fixed length control field 00449nam a22000977a 4500
008 - FIXED-LENGTH DATA ELEMENTS--GENERAL INFORMATION
fixed length control field 171002b xxu||||| |||| 00| 0 eng d
100 ## - MAIN ENTRY--AUTHOR'S NAME
Author's Name Heinen, Roger
245 ## - TITLE STATEMENT
Title The street railway post offices of Boston
260 ## - PUBLICATION, DISTRIBUTION, ETC. (IMPRINT)
Place of publication, distribution, etc. Omaha, NE
Name of publisher, distributor, etc. Mobile Post Office Society
Date of publication, distribution, etc. 1981
650 ## - TOPICAL TERM (Tag)
Topical term or geographic name United States | Massachusetts | Boston | Street Car Mail | Mobile Post Offices | Postal History | Railway Mail | Transportation of Mail | Postal Routes | Postal Markings | Covers
Holdings
Withdrawn status Lost status Source of classification or shelving scheme Damaged status Koha normalized classification for sorting Not for loan Permanent Location Current Location Shelving location Date acquired Total Checkouts Full call number Barcode Date last seen Copy number Price effective from Koha item type
        G3764 B67 H468   Northern Philatelic Library Northern Philatelic Library General Stacks 10/02/2017   G3764 B67 H468 1002994 10/02/2017 1 10/02/2017 Books

Powered by Koha